| 000 | 00413nam a22001697a 4500 | ||
|---|---|---|---|
| 003 | SGT | ||
| 020 | _a9789354654206 | ||
| 082 |
_a610.72 _bR24G |
||
| 100 | _aGOYAL, RC. | ||
| 245 | _aRESEARCH METHODOLOGY FOR HEALTHPROFESSIONALS | ||
| 250 | _a2ND | ||
| 260 |
_aINDIA _bJAYPEE PUB _c2024 |
||
| 300 | _a426 | ||
| 650 | _aRESEARCH | ||
| 653 | _aRESEARCH METHODOLOGY FOR HEALTHPROFESSIONALS | ||
| 942 |
_2ddc _cBK |
||
| 999 |
_c30923 _d30923 |
||